000 00697nam a2200253Ia 4500
003 OSt
005 20220927110803.0
006 a|||||r|||| 00| 0
007 ta
008 220926b |||||||| |||| 00| 0 eng d
024 _a127614
037 _cReports
040 _aRTL
_cRTL
_beng
041 _2eng
_aeng
082 _a"Y15.1.N75, L6/UN"
110 _aUnited Nations
245 0 _aReport of the world conference of the international women's year
260 _aNew
_bYork United Nations
_c1976
300 _a199p
_ccm.
650 _aWoman Sociology
700 _aUnited Nations
942 _h"Y15.1.N75, L6/UN"
_cCC
999 _c697956
_d697956